Statistics for Countries with Highest Abortion Rate

Click here to take the quiz!

General Stats

  • This quiz has been taken 107 times
  • The average score is 5 of 10

Answer Stats

RateCountry% Correct
24.2China
93%
20.8United States
92%
53.7Russia
85%
27.5Ukraine
52%
27.8Romania
39%
35.2Vietnam
37%
33.3Estonia
36%
27.3Latvia
36%
31.7Belarus
35%
35Kazakhstan
25%

Score Distribution

Percentile by Number Answered

Percent of People with Each Score

Your Score History

You have not taken this quiz